000 00819nam a2200253Ia 4500
003 OSt
005 20221005080132.0
006 a|||||r|||| 00| 0
007 ta
008 221004b |||||||| |||| 00| 0 eng d
020 _a8125024956
_c325
024 _a81944
037 _b3062, 30/03/2005, Vansha Books International
_cTextual
040 _aCRL
_cCRL
_beng
041 _2eng
_aeng
082 _aV2:51xM87w, P3
100 _aJoseph George Gheverghese
_9610277
245 0 _aGeorge Joseph
_b The life and time of a Kerala Christian Nationalist
260 _aNew Delhi
_bOrient Longman India
_c2003
300 _a272p.
_ccm.
650 _aHISTORY
942 _hV2:51xM87w, P3
_cTEXL
_2cc
999 _c985725
_d985725